| 000 | 00797nam0a22002531 4500 | ||
|---|---|---|---|
| 001 | rc\800904 | ||
| 005 | 20250621235307.0 | ||
| 035 | _a(NLR Aleph) 005985079 | ||
| 090 |
_a7068934 _c7068934 |
||
| 100 | _a20041129d1983 |||y0rusy50 ca | ||
| 101 | 0 | _arus | |
| 102 | _aRU | ||
| 105 | _aa ||||||||| | ||
| 200 | 1 | _aПроблемы кинетики конденсации | |
| 210 |
_aКиев _cИТФ _d1983 |
||
| 215 |
_a26 с. _cграф. _d20 |
||
| 225 | 1 |
_aПрепринт _fАН УССР, Ин-т теорет. физики _vИТФ-83-79Р |
|
| 320 | _aБиблиогр.: с. 28 (5 назв.) | ||
| 700 | 1 |
_aКуни _bФ.М. _f1931- _gФедор Максимилианович |
|
| 801 | 0 |
_aRU _bNLR _gpsbo |
|
| 801 | 1 |
_aRU _bELAR _2rusmarc |
|
| 852 |
_aNLR _j84-4/4679 |
||
| 942 | _cBOOK | ||
| 980 | _aNB | ||